00480nam a2200133Ia 4500008004100000020001500041050001500056100002800071245004500099260003500144300001900179505012700198650002100325120626s9999 xx 000 0 und d a8432302147 aDS35 bB47 aBianco, Lucien eautor  aAsia contemporánea c/ Lucien, Bianco  aMéxico b: Siglo XXIc, 1976 a349 páginas  aI. El despertar de los nacionalismo II. La segunda guerra mundial y sus consecuencias III. La evolución contemporánea  0aASIA vHISTORIA